Statystyki dla Wszystkie linie tramwajowe i autobusowe w Gdańsku

Kliknij tutaj aby rozwiązać quiz!

Ogólne statystyki

  • Ten quiz został rozwiązany 131 razy
    (36 od ostatniego zresetowania)
  • Średni wynik to 62 z 92

Statystyki odpowiedzi

Trasa liniiNumer linii% Poprawnych
Nowy Port Góreckiego - Brętowo PKM10
100%
Jelitkowo - Lawendowe Wzgórze
2
100%
Brzeżno Dom Zdrojowy - Łostowice Świętokrzyska3
100%
Jelitkowo - Lawendowe Wzgórze przez 3 maja4
100%
Oliwa - Nowy Port Oliwska5
100%
Jelitkowo - Łostowice Świętokrzyska6
100%
Nowy Port Oliwska - Łostowice Świętokrzyska7
100%
Jelitkowo - Stogi8
100%
Strzyża PKM - Stogi Plaża9
100%
Strzyża PKM - Lawendowe Wzgórze11
97%
Zaspa - Ujeścisko12
97%
Łostowice Świętokrzyska - Port Lotniczy120
82%
Pruszcz Gdański Urząd Skarbowy - Pruszcz Gdański Komarowo107
79%
Wrzeszcz PKP - Port Lotniczy110
79%
Wały Piastowskie - Przegalina112
79%
Gościnna - Olimpijska113
79%
Dworzec Główny - Targ Rybny100
76%
Muzeum II Wojny Światowej - Westerplatte106
76%
Wały Piastowskie - Chełm Więckowskiego108
76%
Wały Piastowskie - Górki Zachodnie111
76%
Wrzeszcz PKP - Jaworzniaków115
76%
Wrzeszcz PKP - Matemblewo116
76%
Oliwa PKP - Jasień PKM127
76%
Jelitkowo Kapliczna - Sopot Przylesie117
73%
Ujeścisko - Zakoniczyn118
73%
Wały Piastowskie - Równa123
73%
Wrzeszcz PKP - Żukowo Urząd Gminy126
73%
Jasień PKM - Muzeum II Wojny Światowej130
73%
Matemblewo - Olszynka Szkoła131
73%
Wały Piastowskie - Westerplatte138
73%
Żabianka SKM - Nowy Port Szaniec Zachodni148
73%
Wrzeszcz PKP - Kiełpino Górne168
73%
Oliwa PKP - Wały Piastowskie199
73%
Port Lotniczy - Sopot Kamienny Potok SKM122
70%
Wrzeszcz PKP - Zaspa Szpital124
70%
Wrzeszcz PKP - Niedźwiednik136
70%
Oliwa PKP - Sopot Sanatorium "Leśnik"143
70%
Wrzeszcz PKP - Wrzeszcz PKP149
70%
Ujeścisko - Kowale Szkoła Metropolitalna156
70%
Muzeum II Wojny Światowej - Sztutowska166
70%
Wały Piastowskie - Bysewo167
70%
Oliwa - Gdynia Karwiny Nowowiczlińska171
70%
Wały Piastowskie - Niedźwiednik184
70%
Siedlce - Łostowice Świętokrzyska195
70%
Wały Piastowskie - Pruszcz Gdański Zastawna/Rondo132
67%
Jasień PKM - Łostowice Świętokrzyska155
67%
Wrzeszcz PKP - Bysewo157
67%
Wrzeszcz PKP - Stogi158
67%
Wrzeszcz PKP - Orunia Górna162
67%
Oliwa - Owczarnia169
67%
Siedlce - Maćkowy175
67%
Wały Piastowskie - Górki Wschodnie186
67%
Wały Piastowskie - Starogardzka189
67%
Muzeum II Wojny Światowej - Łostowice Świętokrzyska208
67%
Wały Piastowskie - Starogardzka289
67%
Wały Piastowskie - Orunia Górna154
64%
Siedlce - Stara Piła174
64%
Łostowice Świętokrzyska - Borkowo Szkoła176
64%
Wały Piastowskie - Olszynka Niwki178
64%
Oliwa - Osowa PKP179
64%
Dworzec Główny - Pruszcz Gdański Osiedle Wschód200
64%
Dworzec Główny - Osowa PKP210
64%
Wały Piastowskie - Przegalina212
64%
Łostowice Świętokrzyska - Kowale Szkoła Metropolitalna213
64%
Jelitkowo - Chełm Cienista227
64%
Nowy Port Szaniec Zachodni - Niedźwiednik283
64%
Dworzec Główny - Pruszcz Gdański Komarowo205
61%
Dworzec Główny - Pruszcz Gdański Komarowo przez Kasprowicza207
61%
Wrzeszcz PKP - Jaworzniaków przez Łostowice Świętokrzyska262
61%
Łostowice Świętokrzyska - Jankowo255
58%
Wrzeszcz PKP - Stogi przez Terminal DCT258
58%
Wały Piastowskie - Bysewo Centrum Magazynowe267
58%
Jasień PKM - Smęgorzyno268
58%
Osiedle Barniewice - Kukawka269
58%
Łostowice Świętokrzyska - Zakoniczyn295
58%
Dworzec Główny - Będzieszyn Panattoni232
55%
Wrzeszcz PKP - Wrzeszcz PKP249
55%
Dworzec Główny - Jankowo256
55%
Pruszcz Gdański Osiedle Wschód - Pruszcz Gdański Tczewska307
45%
Jaworzniaków - Osowa PKPN1
42%
Żabianka SKM - OlimpijskaN14
42%
Dworzec Główny - NiedźwiednikN16
42%
Grudziądzka - MaćkowyN2
42%
Wrzeszcz PKP - Dworzec GłównyN3
42%
Jelitkowo - OlimpijskaN4
42%
Dworzec Główny - Pruszcz Gdański MatejkiN5
42%
Żabianka SKM - JasieńskaN6
42%
Dworzec Główny - Górki ZachodnieN8
42%
Dworzec Główny - PrzegalinaN9
42%
Sobieszewo - Przegalina512
33%
Dworzec Główny - Kolbudy Plac KaszubskiN56
33%
Dworzec Główny - Olszynka NiwkiN78
33%

Rozkład punktacji

Percentyl według liczby udzielonych odpowiedzi

Procent ludzi z każdym wynikiem

Twoja historia wyników

Nie rozwiązałeś tego quizu od ostatniego zresetowania